000
00313nam a22001337a 4500
008
210322b ||||| |||| 00| 0 eng d
041
_a
eng
080
_2
5th
_a
541
082
_a
541
100
_a
12
101
_a
KIM
245
_a
College Chemistry with Qualitative Analysis
_c
Nebergall, W. H
942
_2
udc
_c
BK
999
_c
56653
_d
56653